Betclic 2 Liga 2024/2025 - Statystyki

Ogólne statystyki
  • Ten quiz został rozwiązany 175 razy
  • Średni wynik to 13 z 18
Statystyki odpowiedzi
Skrót Klub % Poprawnych
HUT Hutnik Kraków
93%
KAL KKS Kalisz
85%
RES Resovia
85%
WIE Wieczysta Kraków
85%
ZSO Zagłębie Sosnowiec
85%
ELB Olimpia Elbląg
81%
POL Polonia Bytom
80%
POG Pogoń Grodzisk Mazowiecki
77%
CHO Chojniczanka Chojnice
76%
SKR Skra Częstochowa
76%
JAS GKS Jastrzębie
74%
GRU Olimpia Grudziądz
73%
TSP Podbeskidzie Bielsko-Biała
66%
WIS Wisła Puławy
62%
REK Rekord Bielsko-Biała
58%
ŚWI Świt Szczecin
56%
ŁKS ŁKS II Łódź
47%
ZAG Zagłębie II Lubin
39%
Nie znaleziono quizów pasujących do podanych kryteriów
Rozkład punktacji
Procent ludzi z każdym wynikiem
Percentyl według liczby udzielonych odpowiedzi
Twoja historia wyników
Nie rozwiązałeś tego quizu